| 000 | 00657nam a2200169 4500 | ||
|---|---|---|---|
| 999 |
_c80536 _d80536 |
||
| 008 | 210108b ||||| |||| 00| 0 eng d | ||
| 040 |
_aSTAFF _bger _cSTAFF _erda |
||
| 041 | _ager | ||
| 245 |
_aKarl-Marx-Straße 23: _bNeues Wahrzeichen für die Stadt |
||
| 651 | _aFrankfurt (Oder) | ||
| 653 | _aHochhaus Karl-Marx-Straße 23 / Sanierung | ||
| 773 |
_dFrankfurt (Oder): Stadt Frankfurt (Oder) und Büro für Stadtplanung, -forschung und -erneuerung _g(2020), Nr. 28, Dezember, S. 15 _tZentrum: Zeitschrift für das Sanierungsgebiet ehemalige Altstadt Frankfurt (Oder) |
||
| 942 | _cA | ||